Story Of My Life - One Direction (All Lyrics) - Statistics

General Stats
  • This quiz has been taken 3,889 times
  • The average score is 255 of 308
Answer Stats
Story Of My Life % Correct
I
99%
my
99%
story
99%
the
98%
The
98%
life
97%
of
97%
her
95%
in
95%
to
95%
To
95%
all
92%
night
92%
home
91%
take
91%
Bridge | Pre-Chorus And
90%
it
90%
It
90%
that
90%
keep
89%
can't
88%
drive
88%
warm
88%
be
87%
on
87%
Verse 1 | Verse 2 Written
87%
written
87%
are
86%
heart
86%
is
86%
these
86%
These
86%
walls
86%
I'll
84%
open
84%
She
84%
she
84%
for
83%
frozen
83%
stories
83%
but
82%
But
82%
me
82%
gone
80%
leave
80%
Leave
80%
tonight
80%
explain
78%
morning
78%
here
77%
right
77%
stays
77%
time
77%
days
76%
empty
75%
inside
74%
nothing
74%
tight
74%
between
73%
feel
72%
feet
72%
it's
72%
when
72%
been
71%
holding
71%
so
71%
will
71%
broke
70%
see
70%
way
70%
don't
69%
I've
69%
love
69%
same
69%
beneath
68%
she's
68%
told
68%
Until
68%
wide
68%
words
68%
you
68%
spend
67%
stone
67%
too
67%
about
66%
With
66%
bones
65%
ground
65%
die
64%
give
64%
us
64%
seems
62%
change
59%
hope
59%
this
59%
cage
57%
know
56%
like
55%
after
51%
baby
51%
chasing
51%
come
51%
clouds
50%
running
50%
waiting
50%
around
49%
still
49%
broken
47%
up
47%
colours
46%
light
44%
am
43%
burning
43%
bright
42%
fire
40%
Although
39%
hill
33%
untamed
29%
now
27%
No matching quizzes found
Score Distribution
Percent of People with Each Score
Percentile by Number Answered
Your Score History
You have not taken this quiz